| Tag |
First Indicator |
Second Indicator |
Subfields |
| LEADER |
00000cam a2200000 a 4500 |
| 001 |
in00002739321 |
| 005 |
20211120163639.0 |
| 006 |
m d f |
| 007 |
cr bn||||||||| |
| 008 |
081020s1981 caub ob f000 0 eng c |
| 035 |
|
|
|a (OCoLC)ocn262829022
|
| 040 |
|
|
|a OCLCE
|b eng
|c OCLCE
|d OCLCQ
|d GPO
|d MvI
|d UtOrBLW
|
| 042 |
|
|
|a pcc
|
| 043 |
|
|
|a ln-----
|a nm-----
|
| 049 |
|
|
|a WWW
|
| 074 |
|
|
|a 0208-C-04 (online)
|
| 086 |
0 |
|
|a C 55.13/2:NMFS-SWFC-14
|
| 100 |
1 |
|
|a Goldberg, Stephen R.
|
| 245 |
1 |
0 |
|a Histological gonad analyses of late summer--early winter collections of bigeye tuna, Thunnus obesus, and yellowfin tuna, Thunnus albacares, from the northwest Atlantic and the Gulf of Mexico /
|c Stephen R. Goldberg and Hillary Herring-Dyal.
|
| 264 |
|
1 |
|a La Jolla, Calif. :
|b U.S. Dept. of Commerce, National Oceanic and Atmospheric Administration, National Marine Fisheries Service, Southwest Fisheries Center,
|c [1981]
|
| 300 |
|
|
|a 1 online resource (9 pages) :
|b map.
|
| 336 |
|
|
|a text
|b txt
|2 rdacontent
|
| 337 |
|
|
|a computer
|b c
|2 rdamedia
|
| 338 |
|
|
|a online resource
|b cr
|2 rdacarrier
|
| 490 |
1 |
|
|a NOAA-TM-NMFS-SWFC ;
|v 14
|
| 500 |
|
|
|a Title from title screen (viewed on Dec. 28, 2011).
|
| 500 |
|
|
|a "June 1981."
|
| 504 |
|
|
|a Includes bibliographical references (page 4).
|
| 500 |
|
|
|a Electronic resource.
|
| 650 |
|
0 |
|a Tuna fisheries
|z North Atlantic Ocean.
|
| 650 |
|
0 |
|a Tuna fisheries
|z Mexico, Gulf of.
|
| 650 |
|
0 |
|a Bigeye tuna.
|
| 650 |
|
0 |
|a Yellowfin tuna.
|
| 700 |
1 |
|
|a Herring-Dyal, Hillary.
|
| 710 |
2 |
|
|a Southwest Fisheries Center (U.S.)
|
| 776 |
0 |
8 |
|i Print version:
|a Goldberg, Stephen R.
|t Histological gonad analyses of late summer--early winter collections of bigeye tuna, Thunnus obesus, and yellowfin tuna, Thunnus albacares, from the northwest Atlantic and the Gulf of Mexico
|w (OCoLC)7896060
|
| 830 |
|
0 |
|a NOAA-TM-NMFS-SWFC ;
|v 14.
|
| 856 |
4 |
0 |
|u https://purl.fdlp.gov/GPO/gpo17006
|t 0
|
| 999 |
|
|
|a MARS
|
| 999 |
f |
f |
|s 29d90301-6287-3c3e-a445-942e095a0efa
|i 9fb89d5f-dbb3-37cd-b514-b1339db5c19b
|t 0
|
| 952 |
f |
f |
|a Texas A&M University
|b College Station
|c Electronic Resources
|d Available Online
|t 0
|e C 55.13/2:NMFS-SWFC-14
|h Superintendent of Documents classification
|
| 998 |
f |
f |
|a C 55.13/2:NMFS-SWFC-14
|t 0
|l Available Online
|